000 01064cab a2200289 4500
001 ABS52899
008 090401t1995 xxu||||| |||| 00| 0 eng d
035 _a(Sirsi) u752
041 _aeng
100 _aStepien, K.
245 _aHow long is a lease?
260 _c1995
350 _a0
490 _aSolicitors` Journal
_v139(18) 12 May 1995, 452-453(2)
520 _aHighlights the decisions in "Meadfield Properties Ltd v SoS Environment" (ABS52144) and "Trane (UK) Ltd v Provident Mutual Life Assurance"(ABS52145) where using the term `from` to specify the commencement date of a lease gives rise to confusion as to whether that date is included or excluded from the term.
650 _aBREAK CLAUSES
650 _aCOMMENCEMENT DATES
650 _aLEASE TERMS
650 _aLEASES
650 _aLENGTH OF INTEREST
650 _aMEADFIELD PROPERTIES LTD V SOS ENVIRONMENT
650 _aOPERATIVE DATE
650 _aTRANE (UK) LTD V PROVIDENT MUTUAL LIFE ASSURANCE
690 _aLandlord and tenant
_96252
942 _n0
948 _c04/03/1997
999 _c398
_d398